00486nam a22001817a 450000500170000000800410001701000140005802000150007202000160008703500130010308200100011610000170012624500530014326000340019626000090023030000150023950000500025420081020161552.0081020t xxu||||| |||| 00| 0 eng d aENG-84350 a8178801833 c600.00 (hb) aEN-67883 a302.2 aBhatia, Arun aEthics of modern communication /cby Arun Bhatia aNew DelhibRajat Publications c2005 a279pc22cm aIncludes bibliographical references and index